[Event "Chojnice op-B 6th"]
[Site "Chojnice"]
[Date "2010.07.13"]
[Round "6.14"]
[White "Belka, Andrzej"]
[Black "Kurcaba, Lukasz"]
[Result "1-0"]
[WhiteElo "1873"]
[BlackElo "1679"]
[PlyCount "75"]
[EventDate "2010.07.08"]
[EventType "swiss"]
[EventRounds "9"]
[EventCountry "POL"]
[SourceTitle "EXT 2023"]
[Source "ChessBase"]
[SourceDate "2022.10.05"]
[SourceVersion "1"]
[SourceVersionDate "2022.10.05"]
[SourceQuality "1"]

1. f4 Nf6 2. Nf3 g6 3. g3 Bg7 4. Bg2 d5 5. 0-0 0-0 6. d3 c5 7. Nc3 d4 8. Na4 Qc7 9. c4 Nbd7 10. a3 a6 11. b4 b5 12. Nb2 Bb7 13. Qc2 Rac8 14. Bd2 Rfe8 15. Rac1 e5 16. f5 e4 17. Bf4 Qb6 18. Nh4 exd3 19. exd3 bxc4 20. Nxc4 cxb4 21. Nxb6 Rxc2 22. Rxc2 Bxg2 23. Nxd7 Bxf1 24. Nxf6+ Bxf6 25. Kxf1 g5 26. Bxg5 Bxg5 27. Nf3 Be3 28. axb4 Rb8 29. Rc4 Rb5 30. g4 Rd5 31. Ke2 h5 32. h3 hxg4 33. hxg4 Kg7 34. Kd1 a5 35. Rc5 Rxc5 36. bxc5 Kf8 37. Kc2 a4 38. Kb2 1-0

[Event "Chojnice op-B 6th"]
[Site "Chojnice"]
[Date "2010.07.12"]
[Round "4.10"]
[White "Belka, Andrzej"]
[Black "Bartoszek, Michal"]
[Result "1/2-1/2"]
[WhiteElo "1873"]
[BlackElo "1649"]
[PlyCount "28"]
[EventDate "2010.07.08"]
[EventType "swiss"]
[EventRounds "9"]
[EventCountry "POL"]
[SourceTitle "EXT 2023"]
[Source "ChessBase"]
[SourceDate "2022.10.05"]
[SourceVersion "1"]
[SourceVersionDate "2022.10.05"]
[SourceQuality "1"]

1. f4 d5 2. Nf3 g6 3. g3 Bg7 4. Bg2 b6 5. 0-0 Bb7 6. Ne5 Nd7 7. d4 Ngf6 8. c4 e6 9. Nc3 0-0 10. Qa4 Nxe5 11. dxe5 Ne8 12. Rd1 c6 13. e4 d4 14. Ne2 c5 1/2-1/2

[Event "Chojnice op-B 6th"]
[Site "Chojnice"]
[Date "2010.07.12"]
[Round "5.8"]
[White "Malinowski, Damian"]
[Black "Belka, Andrzej"]
[Result "1-0"]
[WhiteElo "1691"]
[BlackElo "1873"]
[PlyCount "20"]
[EventDate "2010.07.08"]
[EventType "swiss"]
[EventRounds "9"]
[EventCountry "POL"]
[SourceTitle "EXT 2023"]
[Source "ChessBase"]
[SourceDate "2022.10.05"]
[SourceVersion "1"]
[SourceVersionDate "2022.10.05"]
[SourceQuality "1"]

1. c4 e5 2. d4 Nf6 3. Nf3 g6 4. g3 Bg7 5. Bg2 d6 6. Nc3 Nc6 7. 0-0 0-0 8. Re1 Ne4 9. Nxe4 f5 10. Nc3 e4 1-0

[Event "Chojnice op-B"]
[Site "Chojnice"]
[Date "2009.07.12"]
[Round "2"]
[White "Zwara, Szymon"]
[Black "Belka, Andrzej"]
[Result "0-1"]
[WhiteElo "1514"]
[BlackElo "1890"]
[PlyCount "88"]
[EventDate "2009.07.11"]
[EventType "swiss"]
[EventRounds "9"]
[EventCountry "POL"]
[SourceTitle "EXT 2011"]
[Source "ChessBase"]
[SourceDate "2010.11.26"]
[SourceVersion "1"]
[SourceVersionDate "2010.11.26"]
[SourceQuality "1"]

1. d4 f5 2. c4 Nf6 3. Nf3 g6 4. Nc3 Bg7 5. Bf4 0-0 6. e3 d6 7. Be2 Qe8 8. 0-0 Na6 9. c5 b6 10. cxd6 exd6 11. Bc4+ Kh8 12. Qb3 h6 13. Nb5 Qe7 14. Qa3 Bb7 15. Nxd6 cxd6 16. Bxa6 Bxa6 17. Bxd6 Qb7 18. Bxf8 Bxf8 19. Qb3 Bxf1 20. Kxf1 Rc8 21. Ne5 Kg7 22. Ke2 Rc7 23. f3 Qc8 24. Kd3 Qa6+ 25. Kd2 Qa5+ 26. Kd3 Nd5 27. Ke2 f4 28. e4 Ne3 29. Rc1 Qa6+ 30. Kf2 Rc2+ 31. Qxc2 Nxc2 32. Rxc2 Qxa2 33. Rc7+ Kg8 34. Nxg6 Qxb2+ 35. Kf1 Bb4 36. Nxf4 Qb1+ 37. Ke2 Qe1+ 38. Kd3 Qd2+ 39. Kc4 Qc3+ 40. Kb5 Qxc7 41. Kxb4 Qxf4 42. d5 Qd6+ 43. Kc4 Qc5+ 44. Kd3 a5 0-1

[Event "Chojnice op-B"]
[Site "Chojnice"]
[Date "2009.07.11"]
[Round "1"]
[White "Belka, Andrzej"]
[Black "Bartoszek, Michal"]
[Result "1/2-1/2"]
[WhiteElo "1890"]
[BlackElo "1615"]
[PlyCount "131"]
[EventDate "2009.07.11"]
[EventType "swiss"]
[EventRounds "9"]
[EventCountry "POL"]
[SourceTitle "EXT 2011"]
[Source "ChessBase"]
[SourceDate "2010.11.26"]
[SourceVersion "1"]
[SourceVersionDate "2010.11.26"]
[SourceQuality "1"]

1. f4 d5 2. Nf3 c5 3. e3 Nf6 4. b3 e6 5. Bb2 Be7 6. Bd3 Nc6 7. a3 a6 8. 0-0 0-0 9. Ne5 Qc7 10. Nxc6 Qxc6 11. a4 b6 12. Na3 Ne4 13. Bxe4 dxe4 14. Qg4 f6 15. h4 Ra7 16. h5 Rd7 17. Rf2 Rd5 18. Nc4 Rfd8 19. Rd1 b5 20. axb5 axb5 21. Na3 c4 22. bxc4 bxc4 23. Nb1 Rb5 24. Ba1 Rbd5 25. Nc3 R5d7 26. h6 g6 27. Qe2 Ba6 28. g4 Rb8 29. Qf1 Rdd8 30. Qg2 Bb7 31. Ne2 g5 32. Nd4 Qd7 33. fxg5 fxg5 34. Qf1 Rf8 35. Rxf8+ Rxf8 36. Qxc4 Bd5 37. Qe2 Bd6 38. Rf1 Rxf1+ 39. Qxf1 Qf7 40. Qxf7+ Kxf7 41. Ne2 Bf8 42. Ng3 Bxh6 43. Nh5 Bf8 44. Bf6 Be7 45. Bd4 Bc4 46. Kf2 Bb5 47. Ng3 Bc6 48. c4 Bb4 49. Ke2 Be7 50. Kd1 Bb4 51. Kc2 Ba4+ 52. Kc1 Bc6 53. Nf1 Kg6 54. Kb2 Ba4 55. Bc3 Bd6 56. Bd4 Bb4 57. c5 Kf7 58. Ng3 Bc6 59. Kb3 Bxd2 60. Kc4 Be1 61. Nh5 Bd2 62. Ng3 Be1 63. Nf1 Kg6 64. Be5 h5 65. gxh5+ Kxh5 66. Kd4 1/2-1/2

[Event "Chojnice op-B 4th"]
[Site "Chojnice"]
[Date "2008.07.18"]
[Round "9"]
[White "Wojcicki, Mateusz"]
[Black "Belka, Andrzej"]
[Result "0-1"]
[WhiteElo "1878"]
[BlackElo "1911"]
[PlyCount "74"]
[EventDate "2008.07.12"]
[EventType "swiss"]
[EventRounds "9"]
[EventCountry "POL"]
[SourceTitle "EXT 2018"]
[Source "ChessBase"]
[SourceDate "2017.10.13"]
[SourceVersion "1"]
[SourceVersionDate "2017.10.13"]
[SourceQuality "1"]

1. e4 c5 2. Nc3 Nc6 3. g3 Nf6 4. Bg2 d6 5. f4 g6 6. Nf3 Bg7 7. d3 0-0 8. 0-0 Qc7 9. Be3 a6 10. Rb1 b5 11. h3 b4 12. Ne2 Bb7 13. g4 Qa5 14. b3 Nd7 15. Nc1 Na7 16. Bd2 Nb5 17. d4 cxd4 18. Nd3 Nc3 19. Bxc3 dxc3 20. Qe2 Nc5 21. Nh2 Nxd3 22. Qxd3 Qc5+ 23. Kh1 a5 24. Qg3 Ra7 25. h4 a4 26. g5 axb3 27. axb3 Ra2 28. Rbc1 Bd4 29. Ng4 Ba6 30. Rfe1 Bc8 31. Re2 Bxg4 32. Qxg4 Be3 33. Rf1 Bd2 34. f5 Rxc2 35. Ref2 Rc1 36. Rxc1 Qxf2 37. Rc2 Ra8 0-1

[Event "Chojnice op-B 4th"]
[Site "Chojnice"]
[Date "2008.07.16"]
[Round "6"]
[White "Puczylowski, Marcin"]
[Black "Belka, Andrzej"]
[Result "1-0"]
[WhiteElo "1958"]
[BlackElo "1911"]
[PlyCount "93"]
[EventDate "2008.07.12"]
[EventType "swiss"]
[EventRounds "9"]
[EventCountry "POL"]
[SourceTitle "EXT 2018"]
[Source "ChessBase"]
[SourceDate "2017.10.13"]
[SourceVersion "1"]
[SourceVersionDate "2017.10.13"]
[SourceQuality "1"]

1. e4 c5 2. Nf3 a6 3. c3 d5 4. exd5 Qxd5 5. d4 Nf6 6. Be2 e6 7. 0-0 Be7 8. Be3 cxd4 9. Qxd4 Nc6 10. Qa4 b5 11. Qc2 Bb7 12. Rd1 Qh5 13. Ng5 Ng4 14. Nf3 Nxe3 15. fxe3 Ne5 16. Nbd2 Bc5 17. Nd4 Qg5 18. e4 Qe3+ 19. Kh1 Ng6 20. Qd3 Qg5 21. N2f3 Qe7 22. Nxb5 Nf4 23. Qd2 Nxe2 24. Qxe2 0-0 25. Nbd4 Rad8 26. Ne5 Qh4 27. Nec6 Rd6 28. Nf3 Qf4 29. Nce5 Bxe4 30. Nd7 Bxf3 31. Qxf3 Qxf3 32. gxf3 Rxd1+ 33. Rxd1 Rd8 34. Nf6+ gxf6 35. Rxd8+ Kg7 36. Ra8 e5 37. Rxa6 f5 38. b4 Be3 39. b5 e4 40. Kg2 Bd2 41. fxe4 fxe4 42. b6 Bxc3 43. b7 Be5 44. Ra4 f5 45. Ra5 Bb8 46. Rxf5 Kg6 47. Rf8 1-0

[Event "Chojnice op-B 4th"]
[Site "Chojnice"]
[Date "2008.07.12"]
[Round "1"]
[White "Mazurek, Grzegorz"]
[Black "Belka, Andrzej"]
[Result "0-1"]
[WhiteElo "1607"]
[BlackElo "1911"]
[PlyCount "124"]
[EventDate "2008.07.12"]
[EventType "swiss"]
[EventRounds "9"]
[EventCountry "POL"]
[SourceTitle "EXT 2018"]
[Source "ChessBase"]
[SourceDate "2017.10.13"]
[SourceVersion "1"]
[SourceVersionDate "2017.10.13"]
[SourceQuality "1"]

1. d4 d5 2. c4 e6 3. Nc3 Nf6 4. Bg5 Nbd7 5. e3 c6 6. Nf3 Qa5 7. Nd2 Bb4 8. Qc2 0-0 9. Be2 e5 10. 0-0 exd4 11. Nb3 d3 12. Bxd3 Qc7 13. cxd5 Bxc3 14. Qxc3 Nxd5 15. Qd4 Ne5 16. Bf4 Nxf4 17. Qxf4 Qe7 18. Rad1 Nxd3 19. Rxd3 Be6 20. Rfd1 Bd5 21. h3 f5 22. Rxd5 cxd5 23. Rxd5 Qe4 24. Qxe4 fxe4 25. Rd4 Rad8 26. a4 Rxd4 27. Nxd4 Rc8 28. g3 Rc1+ 29. Kg2 Rb1 30. b3 Rb2 31. g4 Kf7 32. Kg3 Kf6 33. f4 h6 34. h4 g6 35. g5+ hxg5 36. hxg5+ Kf7 37. Kh3 Rb1 38. Kg2 a5 39. Kf2 Rb2+ 40. Ke1 Ke7 41. Kd1 Kd6 42. Ke1 Kc5 43. Kf1 Rh2 44. Kg1 Rh5 45. Kg2 Kb4 46. Kg3 Kc3 47. Kg4 Rh8 48. f5 gxf5+ 49. Kxf5 Kd3 50. Kf4 Rf8+ 51. Nf5 Kc3 52. Kxe4 Kxb3 53. Nd6 b6 54. g6 Kxa4 55. Nf7 Kb3 56. Ke5 a4 57. Nh6 a3 58. g7 Re8+ 59. Kf6 a2 60. Kf7 Rc8 61. g8Q Rxg8 62. Kxg8 a1Q 0-1

[Event "Chojnice op-B 3rd"]
[Site "Chojnice"]
[Date "2007.07.14"]
[Round "2.15"]
[White "Belka, Andrzej"]
[Black "Borawski, Ryszard"]
[Result "0-1"]
[WhiteElo "1870"]
[BlackElo "1866"]
[PlyCount "98"]
[EventDate "2007.07.13"]
[EventType "swiss"]
[EventRounds "9"]
[EventCountry "POL"]
[SourceTitle "EXT 2023"]
[Source "ChessBase"]
[SourceDate "2022.10.05"]
[SourceVersion "1"]
[SourceVersionDate "2022.10.05"]
[SourceQuality "1"]

1. f4 g6 2. Nf3 Bg7 3. e4 d6 4. d4 c5 5. d5 Qa5+ 6. c3 Nf6 7. Bd3 0-0 8. 0-0 c4 9. Bc2 Bg4 10. h3 Bd7 11. Be3 b5 12. Nbd2 Qc7 13. Bd4 a5 14. a3 Na6 15. Qe2 Nc5 16. Nh4 e5 17. dxe6 Nxe6 18. Be3 Nh5 19. Qf2 Qd8 20. Kh2 Bf6 21. g3 Nxg3 22. Qxg3 Bxh4 23. Qg2 Nc5 24. f5 Nd3 25. Bxd3 cxd3 26. Bh6 Re8 27. fxg6 hxg6 28. Qf3 Kh7 29. Bf4 d5 30. e5 Bf5 31. Nb3 Be4 32. Qg4 f5 33. Qg1 g5 34. Bd2 Qe7 35. Qd4 Qxe5+ 36. Qxe5 Rxe5 37. Nd4 f4 38. Nxb5 Bg3+ 39. Kg1 Bf5 40. Nd4 Bxh3 41. Rfd1 Bg4 42. Rf1 Be2 43. Nxe2 Rxe2 44. Rfd1 Kg6 45. b4 Rh8 46. Re1 Bxe1 47. Bxe1 Rhh2 48. Rd1 f3 49. Kf1 Rhg2 0-1